000 00653nam a2200205 i 4500
001 bg
100 1 _aGRABOWSKI, Ireneusz Jan
245 0 _aLaboratorium chemii technicznej /
_cIreneusz Jan Grabowski, Ryszard Wojtaś.
260 _aKielce :
_b[Polit. Świętokrz.],
_c1981.
300 _as. 232 :
_brys., tab.
490 1 _aSkrypty Uczelniane Politechniki Świętokrzyskiej ;
_vNr 90
504 _a[Zawiera bibliogr. s. 228].
700 1 _aWOJTAŚ, Ryszard
830 _aSkrypty Uczelniane Politechniki Świętokrzyskiej ;
040 _cBPK
041 _apol
080 _a66(075.8)
942 _cKS
008 s pl f |000 0 pol
999 _c20409
_d20409
856 _uhttp://koha.tu.koszalin.pl/cgi-bin/koha/opac-detail.pl?biblionumber=20409
_yKatalog online BPK